<?xml version="1.0" encoding="UTF-8"?><?xml-stylesheet type="text/xsl" href="static/style.xsl"?><OAI-PMH xmlns="http://www.openarchives.org/OAI/2.0/" xmlns:xsi="http://www.w3.org/2001/XMLSchema-instance" xsi:schemaLocation="http://www.openarchives.org/OAI/2.0/ http://www.openarchives.org/OAI/2.0/OAI-PMH.xsd"><responseDate>2026-04-17T10:49:29Z</responseDate><request verb="GetRecord" identifier="oai:www.recercat.cat:10256/13035" metadataPrefix="marc">https://recercat.cat/oai/request</request><GetRecord><record><header><identifier>oai:recercat.cat:10256/13035</identifier><datestamp>2024-05-22T11:10:58Z</datestamp><setSpec>com_2072_452966</setSpec><setSpec>com_2072_2054</setSpec><setSpec>col_2072_452968</setSpec></header><metadata><record xmlns="http://www.loc.gov/MARC21/slim" xmlns:dcterms="http://purl.org/dc/terms/" xmlns:xsi="http://www.w3.org/2001/XMLSchema-instance" xmlns:doc="http://www.lyncode.com/xoai" xsi:schemaLocation="http://www.loc.gov/MARC21/slim http://www.loc.gov/standards/marcxml/schema/MARC21slim.xsd">
   <leader>00925njm 22002777a 4500</leader>
   <datafield ind2=" " ind1=" " tag="042">
      <subfield code="a">dc</subfield>
   </datafield>
   <datafield ind2=" " ind1=" " tag="720">
      <subfield code="a">Agusti Mas, Josep</subfield>
      <subfield code="e">author</subfield>
   </datafield>
   <datafield ind2=" " ind1=" " tag="260">
      <subfield code="c">2016-09</subfield>
   </datafield>
   <datafield ind2=" " ind1=" " tag="520">
      <subfield code="a">El projecte implementa un sistema per gestionar un bar restaurant. Gestionar el servei de les&#xd;
taules, de la barra, de la cuina, dels menús i de les reserves.&#xd;
La caixa és un terminal punt de venda (TPV Terminal Punt de Venda, POS Point Of Sale)&#xd;
sincronitzat amb l'aplicació mòbil. En el TPV és on hi ha totes les funcions.&#xd;
El cambrer agafa la comanda amb una aplicació mòbil que imprimeix un tiquet per a la cuina amb&#xd;
els plats a preparar i un altre per a la barra amb les begudes, la comanda queda guardada en el&#xd;
menjador.&#xd;
El client mira el menú i selecciona els productes. Cada vegada que el menú canvia, s’han de&#xd;
modificar totes les copies impreses. Un menú digital és la solució.&#xd;
Les reserves fetes per Internet poden donar informació de les preferències del client i ser de gran&#xd;
ajuda en la preparació prèvia dels plats en la cuina. Quan el client fa la reserva, que afegeixi la&#xd;
comanda amb els plats desitjats</subfield>
   </datafield>
   <datafield ind1="8" ind2=" " tag="024">
      <subfield code="a">http://hdl.handle.net/10256/13035</subfield>
   </datafield>
   <datafield tag="653" ind2=" " ind1=" ">
      <subfield code="a">Telèfons intel·ligents -- Programació</subfield>
   </datafield>
   <datafield tag="653" ind2=" " ind1=" ">
      <subfield code="a">Serveis web</subfield>
   </datafield>
   <datafield tag="653" ind2=" " ind1=" ">
      <subfield code="a">Programari d'aplicació -- Desenvolupament</subfield>
   </datafield>
   <datafield tag="653" ind2=" " ind1=" ">
      <subfield code="a">Restaurants -- Direcció i administració -- Automatització</subfield>
   </datafield>
   <datafield tag="653" ind2=" " ind1=" ">
      <subfield code="a">Smartphones -- Programming</subfield>
   </datafield>
   <datafield tag="653" ind2=" " ind1=" ">
      <subfield code="a">Web services</subfield>
   </datafield>
   <datafield tag="653" ind2=" " ind1=" ">
      <subfield code="a">Restaurant management --  Automation</subfield>
   </datafield>
   <datafield tag="653" ind2=" " ind1=" ">
      <subfield code="a">Application software -- Development</subfield>
   </datafield>
   <datafield ind2="0" ind1="0" tag="245">
      <subfield code="a">Gestió d'un bar restaurant</subfield>
   </datafield>
</record></metadata></record></GetRecord></OAI-PMH>